Tuyển tập thơ ca, truyện kể, câu đố cho trẻ mầm non theo chủ đề
v.v...
Đã lưu trong:
| Tác giả chính: | |
|---|---|
| Định dạng: | Sách |
| Năm xuất bản: |
H.
Giáo dục Việt Nam
2014
|
| Phiên bản: | Tái bản lần thứ 6 |
| Chủ đề: | |
| Tags: |
Thêm thẻ
Không có thẻ, Hãy là người đầu tiên gắn thẻ bản ghi này!
|
| LEADER | 00723nam a2200193 4500 | ||
|---|---|---|---|
| 082 | |a 372.64 |b T527t. | ||
| 100 | |a Thúy Quỳnh | ||
| 245 | |a Tuyển tập thơ ca, truyện kể, câu đố cho trẻ mầm non theo chủ đề |c Thúy Quỳnh, Phương Thảo tuyển chọn | ||
| 250 | |a Tái bản lần thứ 6 | ||
| 260 | |a H. |b Giáo dục Việt Nam |c 2014 | ||
| 300 | |a 431tr. |c 24cm | ||
| 520 | |a v.v... | ||
| 653 | |a Giáo dục mẫu giáo | ||
| 653 | |a thơ ca | ||
| 653 | |a truyện kể | ||
| 653 | |a câu đố | ||
| 942 | |2 ddc |c SH | ||
| 999 | |c 10236 |d 10236 | ||
| 952 | |0 0 |1 0 |2 ddc |4 0 |6 372_640000000000000_T527T |7 0 |8 300 |9 79384 |a qbu |b qbu |c D2 |d 2015-07-20 |g 58000 |l 1 |o 372.64 T527t. |p 9971.c1 |r 2018-06-21 |s 2018-06-21 |w 2015-07-20 |y SH | ||